000 00681nam a2200205Ii 4500
003 JO-AjNU
008 230605s9999||||xx |||||||||||||| ||und||
020 _a978-9957-94-492-6
040 _aJO-AjNU
_bara
_erda
_cJO-AjNU
041 _aara
050 1 4 _aDS154.5.K8788 2019
100 3 _aالكردي، محمد علي الصويركي,
_eauthor
_962629
245 0 0 _aشرقي الأردن والعهد الفيصلي1981-1920
264 3 1 _aعمان: وزارة الثقافة، 2019
300 _a204ص
336 _atext
_btxt
_2rdacontent
337 _aunmediated
_bn
_2rdamedia
338 _avolume
_bnc
_2rdacarrier
650 4 _aالادب العربي-القرن20
_962630
999 _aA28369
_c31937
_d31937